00406nam a2200133Ia 4500003000900000008004100009020001800050040001600068080001700084100001900101245007800120260003300198650004100231IN-BaIIA211028s9999 xx 000 0 eng d a0-330-02861-8 cIIA Library a159.954bTOF aToffler, Alvin 0aFuture ShockcAlvin Toffler  aEnglandbPenguin Booksc1970 aAstronomy and Astrophysics Thesaurus